Statistiques concernant Échelle de mots : de Jules à Verne

Cliquez ici pour prendre le quiz!

Statistiques générales

  • Ce quiz a été pris 394 fois
  • Le résultat moyen est 26 sur 40

Statistiques - réponses

IndicesRéponses% Correct
Prénom de l'auteur du livre "Le Tour du monde en quatre-vingts jours"Jules
100%
Pomme de terre écraséePurée
93%
Les fraises le sont quand ont elle sont d'un rouge vifMûres
90%
Se dit d'un homme qui a dit oui devant l'autelMarié
88%
Se dit des choses qui ne sont pas polluéesPures
88%
On l'allume souvent en voiture pour écouter de la musique ou des émissionsRadio
86%
Hybride femelle issues de l'accouplement d'un âne et d'une jumentMules
85%
Commune française du DoubsVerne
85%
Un lapin à tué un chasseur à ce moment de la journéeMatin
84%
La Lune influe sur cette variation de hauteurMarée
83%
Nom du papa du poisson clown NemoMarin
78%
Contraire de gainPerte
77%
Philippe Candeloro en chaussait souvent deuxPatin
76%
On peut en trouver dans les huîtresPerle
76%
Film dans lequel Dany Boon interprète un violoniste n'aimant pas dépenser son argentRadin
76%
Couleur de la souris courant dans l'herbe dans une célèbre comptineVerte
76%
Oiseau au plumage noir et au bec orangeMerle
74%
Se dit d'une tunique qui a été ornée de quelque choseParée
74%
Matière fécaleMerde
73%
Mordre à la première personne du singulier du subjonctif présentMorde
72%
Célèbre sculpteur français, ayant notamment réalisé Le PenseurRodin
72%
Cour intérieure d'une maison de style espagnolPatio
71%
Adjectif qualifiant un bonhomme de neige qui est devenu une flaque d'eauFondu
70%
En saut en longueur, nom donné à un saut dont l'athlète a touché la ligne blanche au terme de son élanMordu
70%
Relation entre deux grandeurs de même genreRatio
70%
Goûter à la troisième personne du singulier du passé simpleGoûta
69%
Se dit de quelque chose qui n'est pas droitTordu
69%
Fromage le plus connu des Pays-BasGouda
67%
Ce que fit le Titanic après avoir rencontré un icebergCoula
66%
Quand on a acheté quelque chose de très cher, on peut dire qu'il nous _____ bonbonCoûta
66%
Terme argotique pour désigner l'argentMoula
56%
Partenaire de Tif dans une bande dessinée de Fernand DineurTondu
56%
Famille américaine d'acteur et actrice, on y retrouve Peter, Bridget, Henry et JaneFonda
41%
Footballeur international japonais occupant le poste de gardien et prénommé ShūichiGonda
33%
Habitant du Borinage, dans la province du Hainaut en BelgiqueBorin
31%
Lanière jaune pâle utilisée en ébénisterie pour fabriquer des meublesRotin
24%
Célèbre ville sous-terraine du Seigneur des AnneauxMoria
22%
Sociologue et philosophe français prénommé EdgarMorin
22%
Groupe de rock espagnol originaire de Madrid : Vetusta _____Morla
16%
Marque de sac à main de luxeRorin
13%

Distribution des résultats

Percentile par nombre de réponses

% des personnes avec chaque résultat

Votre développement - résultats

Vous n’avez pas pris ce quiz